| 000 | 00600nam a2200181 i 4500 | ||
|---|---|---|---|
| 001 | 54960 | ||
| 003 | ES-MaACL | ||
| 005 | 20251009063051.0 | ||
| 007 | t| | ||
| 008 | 030910s1955 sp ||||1| spa d | ||
| 100 | 1 |
_aDelaunet Esnaola, Amadeo, _d1885-1958 _943336 |
|
| 245 | 1 | 0 |
_aNoticias históricas y genealógicas de la Casa Solar de Artola _b: 1450-1955 / _clas publica Amadeo Delaunet. |
| 260 |
_aSan Sebastián : _b[s.n.], _c1955 ( _fEscelicer) |
||
| 300 |
_a190 p. ; _c30 cm. |
||
| 600 | 3 | 4 |
_aArtola (Familia) _9157549 |
| 852 |
_aES-MaACL _jC-9927 _bR.37905 |
||
| 999 |
_c54960 _d54960 |
||